Hey, Preach--you're comin' through! (Record no. 3069)

MARC details
000 -LEADER
fixed length control field 00643nam a2200241 4500
001 - CONTROL NUMBER
control field 24890
003 - CONTROL NUMBER IDENTIFIER
control field GBCCL
005 - DATE AND TIME OF LATEST TRANSACTION
control field 20241126110446.0
008 - FIXED-LENGTH DATA ELEMENTS--GENERAL INFORMATION
fixed length control field 680301s1968 nju 000 0 eng
010 ## -
-- 68017096
035 ## - SYSTEM CONTROL NUMBER
System control number (OCoLC)00439799
040 ## - CATALOGING SOURCE
Original cataloging agency DLC
Transcribing agency DLC
049 ## -
-- LBBK
050 0# -
-- BV4464.5
-- .W513
082 ## - DEWEY DECIMAL CLASSIFICATION NUMBER
Classification number 259.2
Item number WIL
092 ## - LOCALLY ASSIGNED DEWEY CALL NUMBER (OCLC)
Classification number 259
Item number W681
100 1# - MAIN ENTRY--PERSONAL NAME
Personal name Wilkerson, David R.
9 (RLIN) 2348
245 10 - TITLE STATEMENT
Title Hey, Preach--you're comin' through!
Statement of responsibility, etc. [by] David Wilkerson.
260 ## - PUBLICATION, DISTRIBUTION, ETC.
Place of publication, distribution, etc. Westwood, N.J.,
Name of publisher, distributor, etc. Revell
Date of publication, distribution, etc. [1968]
300 ## - PHYSICAL DESCRIPTION
Extent 160 p.
Dimensions 21 cm.
650 #0 - SUBJECT ADDED ENTRY--TOPICAL TERM
Topical term or geographic name entry element Church work with juvenile delinquents.
9 (RLIN) 6359
942 ## - ADDED ENTRY ELEMENTS (KOHA)
Source of classification or shelving scheme Dewey Decimal Classification
Koha item type Books
Holdings
Withdrawn status Lost status Source of classification or shelving scheme Damaged status Not for loan Home library Current Library Shelving location Date acquired Total checkouts Full call number Barcode Date last seen Copy number Price effective from Koha item type
    Dewey Decimal Classification     GRACE BIBLE COLLEGE GRACE BIBLE COLLEGE Ministry & Mission 2017-10-16   259.2 WIL 009236 2025-05-01 c.1 2017-10-16 Books
© Grace Bible College Library 2025